| 000 | 00339nam a2200133Ia 4500 | ||
|---|---|---|---|
| 008 | 240624s9999 xx 000 0 und d | ||
| 041 | _aeng | ||
| 082 | _a330 COO | ||
| 100 | _aCOOPER R | ||
| 245 | _aGLOBALIZATION AND REGIONAL ECONOMIC MODE | ||
| 260 |
_c2007 _aLondon _bSpringer |
||
| 300 | _axi, : 473 : p. : cm. ; 24 | ||
| 365 |
_cERU _b26 |
||
| 999 |
_c20096 _d20096 |
||